| 000 | 00679nam a2200193 i 4500 | ||
|---|---|---|---|
| 001 | 86937 | ||
| 003 | ES-MaACL | ||
| 005 | 20230906175544.0 | ||
| 007 | t| | ||
| 008 | 041216s1910 fr ||||1| fre d | ||
| 100 | 1 |
_aKolle, Wilhelm. _968520 |
|
| 245 | 1 | 3 |
_aLa bacteriologie experimentale appliquée a l'étude des maladies infectieuses / _cpar W. Kolle et H. Hetsch ; traduction française d'aprés la 2éme édition allemande par H. Carrière. |
| 260 |
_aParis : _b[s.n., _c1910] ( _eGenève : _fImp. Atar) |
||
| 300 |
_a2 v. ; _c25 cm. |
||
| 650 | 0 | 4 |
_aBacteriología. _910473 |
| 700 | 1 |
_aHetsch, H. _963482 |
|
| 700 | 1 |
_aCarrière, H. _935741 |
|
| 852 |
_aES-MaACL _jE-1478-79 |
||
| 999 |
_c86937 _d86937 |
||